Repertorio americano. Segunda nueva época
Gorde:
| Formatua: | Liburua |
|---|---|
| Hizkuntza: | Spanish |
| Argitaratua: |
Heredia, Costa Rica:
Universidad Nacional, Facultad de Filosofia y Letras, Instituto de Estudios Latinoamericanos,
2011.
|
| Gaiak: | |
| Sarrera elektronikoa: | http://www.revistas.una.ac.cr/index.php/repertorio |
| Etiketak: |
Etiketa erantsi
Etiketarik gabe, Izan zaitez lehena erregistro honi etiketa jartzen!
|
MARC
| LEADER | 00000nam a22000007a 4500 | ||
|---|---|---|---|
| 008 | 150720s2011 cr a|||| ||||a00| b spa d | ||
| 022 | |a 0252-8479 | ||
| 040 | |a CIICLA | ||
| 082 | |a 800 |b R | ||
| 245 | 1 | 0 | |a Repertorio americano. Segunda nueva época |
| 246 | 1 | 0 | |a Repertorio americano. Nueva época / IDELA |
| 260 | |a Heredia, Costa Rica: |b Universidad Nacional, Facultad de Filosofia y Letras, Instituto de Estudios Latinoamericanos, |c 2011. | ||
| 300 | |a volúmenes: |b ilustraciones | ||
| 500 | |a Director: Julián González Zúñiga--Descripción basada en: No.21 Edición especial Dedicado al estudio de América Latina desde el punto de vista de la historia, el arte, la literatura, la lengua, la identidad y la cultura. | ||
| 650 | 1 | 4 | |a CULTURA |v PUBLICACIONES PERIODICAS |
| 650 | 1 | 4 | |a LITERATURA |v PUBLICACIONES PERIODICAS |
| 650 | 1 | 4 | |a PUBLICACIONES PERIODICAS COSTARRICENSES |
| 856 | 3 | 0 | |u http://www.revistas.una.ac.cr/index.php/repertorio |
| 942 | |2 ddc |c CR | ||
| 999 | |c 4396 |d 4396 | ||
